000
00294nam a2200109Ia 4500
008
200302s9999 xx 000 0 und d
100
_a
H. Leslie Simmons & Other
245
_a
Construction Principles Materials and Methods
260
_b
Van Nostrand Reinhold
260
_c
1995
300
_a
1172 P.,
999
_c
2113
_d
2113